[Event "Open"]
[Site "Kavala GRE"]
[Date "2006.07.08"]
[Round "6"]
[White "Drazic,S"]
[Black "Drozdovskij,Y"]
[Result "1/2-1/2"]
[WhiteElo "2514"]
[BlackElo "2552"]

1.c4 c6 2.d4 d5 3.Nc3 Nf6 4.cxd5 cxd5 5.Bf4 Nc6 6.e3 Bf5 7.Bd3 Bxd3 8.Qxd3 e6
9.Nf3 Be7 10.h3 O-O 11.O-O Nd7 12.Rac1 Rc8 13.Rfd1 a6 14.Ne5 Ncxe5 15.Bxe5 Nxe5
16.dxe5 Qb6 17.Na4 Qa5 18.Qd4 h6 19.a3 Rc4 20.Rxc4 dxc4 21.Nc3 Rd8 22.Qxc4 Rxd1+
23.Nxd1 Qe1+ 24.Qf1 Qd2 25.f4 Bc5 26.Qf3 Qe1+ 27.Qf1 Bxe3+ 28.Nxe3 Qxe3+
29.Qf2 Qe4 30.Kh2 g5 31.g3 b5 32.b4 gxf4 33.gxf4 Kh7 34.Qg3 Qe2+  1/2-1/2

[Event "3rd South Wales Int"]
[Site "Caerleon WLS"]
[Date "2006.07.09"]
[Round "2"]
[White "Cobb,C"]
[Black "Marusenko,P"]
[Result "1-0"]
[WhiteElo "2403"]
[BlackElo "2351"]

1.c4 c6 2.d4 d5 3.Nf3 Nf6 4.e3 Bf5 5.Nc3 e6 6.Nh4 Be4 7.f3 Bg6 8.Qb3 Qc7
9.Bd2 Bd6 10.O-O-O Nbd7 11.cxd5 exd5 12.e4 dxe4 13.Nxg6 hxg6 14.fxe4 Bf4
15.e5 Nd5 16.Bxf4 Nxf4 17.Bc4 Nb6 18.Rhf1 Nxc4 19.Rxf4 b5 20.Ne4 f5 21.Nd2 O-O-O
22.Nxc4 bxc4 23.Qxc4 Rxh2 24.Qe6+ Kb8 25.Qxg6 c5 26.Kb1 cxd4 27.Qg3 d3 28.Qf3 Qc2+  1-0

[Event "Open"]
[Site "Condom FRA"]
[Date "2006.07.09"]
[Round "2"]
[White "Colin,V"]
[Black "Brethes,F"]
[Result "1-0"]
[WhiteElo "2415"]
[BlackElo "2158"]

1.c4 c6 2.e4 d5 3.exd5 cxd5 4.cxd5 Qxd5 5.Nc3 Qd6 6.d4 Nf6 7.Nf3 e6 8.Bc4 Be7
9.O-O O-O 10.Qe2 a6 11.a3 b5 12.Ba2 Bb7 13.Rd1 h6 14.Ne5 Nc6 15.Bf4 Nxd4
16.Qe3 Nf5 17.Rxd6 Nxe3 18.Rb6 Nc2 19.Rc1 Be4 20.Nxe4 Nxe4 21.Rxc2 Rfd8 22.g3  1-0

[Event "FSGM July"]
[Site "Budapest HUN"]
[Date "2006.07.10"]
[Round "10"]
[White "Chernyshov,K"]
[Black "Berg,K"]
[Result "1-0"]
[WhiteElo "2544"]
[BlackElo "2393"]

1.c4 c6 2.e4 d5 3.cxd5 cxd5 4.exd5 Nf6 5.Nc3 Nxd5 6.Bc4 e6 7.Nf3 Be7 8.O-O Nc6
9.d4 O-O 10.Re1 Bf6 11.Ne4 b6 12.Bxd5 Qxd5 13.Nxf6+ gxf6 14.Bh6 Rd8 15.Ne5 Ne7
16.Qh5 Ng6 17.Ng4 Qxh5 18.Nxf6+ Kh8 19.Nxh5 Bb7 20.Re3 Rac8 21.Bg5 Rd5 22.Bf6+ Kg8
23.Be5 Nxe5 24.Nf6+ Kf8 25.Nxd5 Nc4 26.Nc3 Nxe3 27.fxe3 b5 28.a3 a5 29.Rc1 Bd5
30.Ne2 Rb8 31.Nf4 Be4 32.Rc5 a4 33.Re5 Bc2 34.d5 exd5 35.Nxd5 Bb3 36.Nb4 Rd8
37.Rxb5 Rd1+ 38.Kf2 Rd2+ 39.Kg3 Rxb2 40.h4 h6 41.Rb6 Kg7 42.Nc6 Ra2 43.Nd4 Rxa3
44.Nf5+ Kg8 45.Kf4 Be6 46.Nd4 Bd5 47.e4 Bc4 48.Rb4 Bf1 49.Rb8+ Kh7 50.Rb7 Bxg2
51.Rxf7+ Kg8 52.Ra7 Ra1 53.Nf5 a3 54.Rg7+ Kf8 55.Rxg2  1-0

[Event "35th TCh-GRE"]
[Site "Ermioni GRE"]
[Date "2006.07.10"]
[Round "9"]
[White "Haritakis,T"]
[Black "Kharitonov,Alexandr"]
[Result "0-1"]
[WhiteElo "2294"]
[BlackElo "2514"]

1.c4 c6 2.e4 d5 3.exd5 cxd5 4.cxd5 Nf6 5.Nc3 Nxd5 6.Nf3 e6 7.Bc4 Nc6 8.O-O Bd6
9.d4 O-O 10.Re1 h6 11.a3 Nf6 12.Qe2 b6 13.Be3 Bb7 14.Rad1 Ne7 15.Ne5 Ned5
16.Bc1 Rc8 17.Nxd5 Bxd5 18.Ba6 Rc7 19.Rd3 Ne4 20.Rh3 f5 21.Bf4 Rf6 22.Nd3 Ba8
23.Re3 Bxf4 24.Nxf4 Qd6 25.Nh3 Qxd4 26.Rd3 Qc5 27.Rd8+ Rf8 28.Rxf8+ Kxf8
29.Nf4 Bd5 30.Bd3 Kg8 31.Kf1 Qd6 32.Nxd5 Qxh2 33.Qd1 exd5 34.Bxe4 fxe4 35.Qxd5+ Kh7  0-1

[Event "5th Open"]
[Site "La Fere FRA"]
[Date "2006.07.10"]
[Round "4"]
[White "Nevednichy,V"]
[Black "Le Kouaghet,E"]
[Result "1-0"]
[WhiteElo "2576"]
[BlackElo "1867"]

1.c4 c6 2.e4 e5 3.Nf3 d6 4.d4 exd4 5.Nxd4 Nf6 6.Nc3 Be7 7.Be2 O-O 8.O-O Na6
9.Rb1 Nc5 10.f3 a5 11.b3 Qc7 12.a3 Rd8 13.b4 axb4 14.axb4 Ne6 15.Nf5 Nf8
16.Ne3 Ng6 17.Rf2 Bd7 18.Bf1 Ne5 19.g3 Qc8 20.Rc2 g6 21.Qe2 Bh3 22.Ng2 Kg7
23.Nd1 Nxe4 24.Qxe4 Bf5 25.Qe2 Bd3 26.Qf2 Bxc2 27.Qxc2 Nxf3+ 28.Kh1 Bf6 29.Bb2 Ne5
30.Nf4 Qd7 31.Nc3 Kg8 32.Ne4 Bg7 33.Rd1 Qe7 34.Bd4 f5 35.Nf2 Ra3 36.Re1 Rda8
37.c5 Re8 38.N2d3 Qd7 39.cxd6 Nxd3 40.Rxe8+ Qxe8 41.Bxd3 Bxd4 42.Qc4+ Kg7
43.Qxd4+ Kh6 44.d7 Qe1+ 45.Qg1 Qe7 46.Qc1  1-0

[Event "16th Heart of Finland Open"]
[Site "Jyvaskyla FIN"]
[Date "2006.07.12"]
[Round "4"]
[White "Miezis,N"]
[Black "Karttunen,M"]
[Result "1-0"]
[WhiteElo "2527"]
[BlackElo "2422"]

1.c4 c6 2.e4 d5 3.exd5 cxd5 4.cxd5 Nf6 5.Nc3 Nxd5 6.Nf3 e6 7.d4 Bb4 8.Bd2 Nc6
9.Bd3 h6 10.O-O O-O 11.Rc1 Bd7 12.Bb1 Nf6 13.Bf4 Ne7 14.Ne5 Bc6 15.Re1 Rc8
16.Qd2 Re8 17.a3 Bd6 18.Rcd1 Ned5 19.Nxd5 Bxd5 20.Qd3 Qc7 21.Qh3 Kf8 22.Re3 Ke7
23.Rde1 Bxe5 24.dxe5 Nd7 25.Qh4+ g5 26.Bxg5+ hxg5 27.Qxg5+ Kf8 28.Rh3  1-0

[Event "ch-SWE"]
[Site "Gothenburg SWE"]
[Date "2006.07.13"]
[Round "12"]
[White "Karlsson,L"]
[Black "Akesson,J"]
[Result "1/2-1/2"]
[WhiteElo "2506"]
[BlackElo "2302"]

1.c4 c6 2.Nf3 d5 3.Qc2 Nf6 4.e3 Nbd7 5.Nc3 e6 6.d4 Bd6 7.Bd3 O-O 8.O-O dxc4
9.Bxc4 a6 10.h3 c5 11.Bd3 Qc7 12.Ng5 h6 13.Nge4 cxd4 14.exd4 Nxe4 15.Nxe4 Qxc2
16.Bxc2 Be7 17.Bf4 Nb6 18.Bb3 Bd7 19.Bc7 Nd5 20.Bxd5 exd5 21.Nc3 Bc6 22.a3 a5
23.Rfe1 Rfe8 24.Rad1 a4 25.Re2 Rac8 26.Bb6 Bg5 27.Rxe8+ Rxe8 28.g3 h5 29.f4 Bh6
30.Bc7 f6 31.Kf2 Re7 32.Bb8 Re8 33.Bc7 Re7 34.Bb8 Re8 35.Bc7  1/2-1/2

[Event "6th TCh-Euro u18"]
[Site "Balatonlelle HUN"]
[Date "2006.07.14"]
[Round "3"]
[White "Jarvinen,R"]
[Black "Farkas,Ga1"]
[Result "1/2-1/2"]
[WhiteElo "1983"]
[BlackElo "2184"]

1.c4 c6 2.Nf3 d5 3.b3 Nf6 4.g3 Bf5 5.Bb2 e6 6.Bg2 Nbd7 7.O-O Be7 8.d3 O-O
9.Nbd2 a5 10.Qc2 Bg6 11.e4 dxe4 12.dxe4 Qc7 13.a3 Ng4 14.h3 Nge5 15.Nxe5 Nxe5
16.f4 Nd7 17.f5 Qxg3 18.Rf3 Qg5 19.fxg6 hxg6 20.Raf1 Ne5 21.Rf4 Bf6 22.h4 Qg3
23.Qc3 Nd3 24.Rxf6 gxf6 25.Rxf6 e5 26.Rf3 Qe1+ 27.Nf1 Qxc3 28.Bxc3 Nf4 29.Bxe5 Nxg2
30.Kxg2 Rfe8 31.Bf6 Rxe4 32.Ng3 Re6 33.h5 Rae8 34.Bc3 b6 35.c5 bxc5 36.Bxa5 Ra8
37.b4 c4 38.Rc3 gxh5 39.Nxh5 Re2+ 40.Kf3 Rb2 41.Rxc4 Rb3+ 42.Kf4 Rxa3 43.Rxc6 R8xa5
44.bxa5 Rxa5 45.Kg4 Kf8 46.Rc7 Ra4+ 47.Nf4 Kg7 48.Rc5 Kf6 49.Rf5+ Kg7 50.Kg5 f6+
51.Kg4 Ra1 52.Nh5+ Kf7 53.Rxf6+ Ke7 54.Rb6 Kd7 55.Nf4 Ra5 56.Nd3 Kc7 57.Rh6 Rd5
58.Rh7+ Kb6 59.Nf4 Ra5 60.Kf3 Kc6 61.Ke4 Ra1 62.Ne2 Re1 63.Kd3 Rd1+ 64.Kc4 Kd6
65.Nc3 Ra1 66.Kd4 Ke6 67.Rh6+  1/2-1/2

[Event "Open A"]
[Site "Oberwart AUT"]
[Date "2006.07.15"]
[Round "8"]
[White "Stanec,N"]
[Black "Stanetzek,C"]
[Result "1-0"]
[WhiteElo "2517"]
[BlackElo "2250"]

1.c4 c6 2.e4 d5 3.exd5 cxd5 4.d4 Nf6 5.Nc3 e6 6.Nf3 Nc6 7.a3 Be7 8.Bd3 O-O
9.O-O dxc4 10.Bxc4 b6 11.Re1 Bb7 12.Ba2 Re8 13.Bf4 Rc8 14.Qd3 Nb8 15.Ne5 Nd5
16.Bg3 Nd7 17.Ne4 Nxe5 18.dxe5 Qc7 19.Bb3 Red8 20.Qe2 Qc6 21.f3 b5 22.Nd6 Bxd6
23.exd6 a6 24.Rad1 Nb6 25.Rd3 Nc4 26.Red1 Rd7 27.h3 Qc5+ 28.Kh2 Bd5 29.Ba2 Bb7
30.Rc3 Qb6 31.a4 Bd5 32.axb5 axb5 33.Bb1 Rcd8 34.Ba2 h6 35.Rcd3 Ra8 36.Bb3 Qc5
37.Rd4 Nb6 38.Bc2 Ra2 39.Bb1 Ra4 40.Qd3 f5 41.Rxa4 bxa4 42.Qe2 Kf7 43.Bd3 Qb4
44.Qe5 g6 45.Qh8  1-0

[Event "Canadian Open"]
[Site "Kitchener CAN"]
[Date "2006.07.16"]
[Round "2"]
[White "Mulyar,M"]
[Black "Peng,D"]
[Result "1/2-1/2"]
[WhiteElo "2391"]
[BlackElo "2170"]

1.c4 c6 2.d4 d5 3.Nc3 Nf6 4.e3 a6 5.Nf3 b5 6.c5 Bg4 7.Be2 Nbd7 8.O-O Qb8
9.b4 g6 10.h3 Bxf3 11.Bxf3 Bg7 12.e4 dxe4 13.Nxe4 Nd5 14.Bg5 h6 15.Bh4 f5
16.Nd6+ exd6 17.Qe2+ Ne5 18.cxd6 Qxd6 19.dxe5 Qxb4 20.Bf6 O-O 21.Bxg7 Kxg7
22.Rac1 Rac8 23.Qd3 Qe7 24.Bxd5 cxd5 25.Qxd5 Rfd8 26.Qf3 Rxc1 27.Rxc1 Qxe5
28.Qb7+ Kf6 29.Qxa6+ Kg5 30.Rb1 Rd2 31.Qa3 Qf4 32.Qe7+ Kh5 33.Qe1  1/2-1/2

[Event "3rd ACT"]
[Site "Amsterdam NED"]
[Date "2006.07.17"]
[Round "3"]
[White "Van der Elburg,F"]
[Black "Ernst,S"]
[Result "0-1"]
[WhiteElo "2348"]
[BlackElo "2504"]

1.c4 c6 2.Nf3 d5 3.b3 Nf6 4.Bb2 e6 5.g3 Nbd7 6.Bg2 Bd6 7.O-O O-O 8.d3 e5
9.e3 Re8 10.Nc3 Qe7 11.cxd5 cxd5 12.a3 a6 13.b4 Nb6 14.Na4 Nxa4 15.Qxa4 Bf5
16.Rfd1 Rac8 17.Qb3 Be6 18.Bxe5 Bxe5 19.Nxe5 d4 20.Qb2 dxe3 21.fxe3 Bg4 22.Nxg4 Nxg4
23.e4 Qd6 24.Bf3 Qb6+ 25.d4 Ne3 26.Rdc1 Nc2 27.Bg4 Rc7 28.Rab1 Nxd4 29.Rxc7 Nc6+
30.Qf2 Qxc7 31.Rd1 Ne5 32.Be2 Qc2 33.Kg2 Qb2 34.b5 axb5 35.Rd5 Qxa3 36.Bxb5 Ng4
37.Qf3 Qb2+ 38.Be2 Ne5 39.Qf2 Qc2 40.Rd4 Ra8 41.Bd1 Qb1 42.Qc2 Qxc2+ 43.Bxc2 Nc6
44.Rc4 Ra2 45.h4 g6 46.Kh3 h5 47.Rc3 Ne5 48.Kg2 b5 49.Kf2 Kg7 50.Ke3 b4 51.Rc5 Ra3+
52.Kf4 f6 53.Rc7+ Kh6 54.Bd1 Nd3+ 55.Ke3 Nb2+  0-1

[Event "6th Open"]
[Site "Saint Chely d'Aubrac FRA"]
[Date "2006.07.20"]
[Round "7"]
[White "Larand,M"]
[Black "Nass,E"]
[Result "1/2-1/2"]
[WhiteElo "2078"]
[BlackElo "2015"]

1.c4 c6 2.g3 d5 3.Bg2 Nf6 4.Nf3 Bg4 5.cxd5 Bxf3 6.Bxf3 cxd5 7.O-O e6 8.d3 Be7
9.Nc3 O-O 10.Qb3 Qd7 11.e4 Nc6 12.Qd1 d4 13.Ne2 Rac8 14.a3 Rfd8 15.Bg2 e5
16.h3 Qe6 17.f4 Nd7 18.b4 f6 19.Bd2 b5 20.Kh2 a5 21.bxa5 Nc5 22.Bb4 Nxb4
23.axb4 Na6 24.Bf3 Qd6 25.fxe5 fxe5 26.Bg4 Rb8 27.Rb1 Nxb4 28.Qb3+ Kh8 29.Rf7 Nc6
30.Qd5 Nxa5 31.Rxb5 Rxb5 32.Qxb5 Nc6 33.Qd5 Rf8 34.Rxe7 Qxe7 35.Qxc6 Qf7
36.Qd6 Qf2+ 37.Kh1 h5 38.Bf5 Rxf5 39.exf5 Qxe2 40.Qg6  1/2-1/2

[Event "Czech Open A"]
[Site "Pardubice CZE"]
[Date "2006.07.23"]
[Round "3"]
[White "Ramesa,D"]
[Black "Meduna,E"]
[Result "0-1"]
[WhiteElo "2249"]
[BlackElo "2425"]

1.c4 c6 2.e4 e5 3.d4 d6 4.Nc3 Nd7 5.Nf3 Ngf6 6.Be2 g6 7.O-O Bg7 8.Re1 O-O
9.Bf1 exd4 10.Nxd4 Re8 11.Nb3 Qc7 12.h3 a5 13.Bf4 Ne5 14.Be3 a4 15.Nd4 Ned7
16.f3 Nc5 17.Qd2 Nh5 18.g4 Nf6 19.Bg2 Qa5 20.Nc2 Be6 21.b4 axb3 22.axb3 Qc7
23.Rab1 Nfd7 24.f4 f5 25.exf5 gxf5 26.g5 Bf7 27.Nd4 Bg6 28.b4 Ne6 29.Rbc1 Nxd4
30.Bxd4 Bxd4+ 31.Qxd4 Qb6 32.Qxb6 Nxb6 33.Rxe8+ Bxe8 34.Ne2 Ra4 35.c5 dxc5
36.bxc5 Nd7 37.Kf2 Ra5 38.Nd4 Nxc5 39.Rc2 Nd3+ 40.Kg3 Ra3 41.Bf3 Ne1 42.Rf2 Bh5
43.Rf1 Nxf3 44.Nxf3 b5 45.Kg2 Bxf3+ 46.Rxf3 Rxf3 47.Kxf3 b4 48.Ke3 Kf7  0-1

[Event "10th Battle of Senta 1697 Open"]
[Site "Senta SCG"]
[Date "2006.07.23"]
[Round "4"]
[White "Toth,K"]
[Black "Simonyi,Z"]
[Result "0-1"]
[WhiteElo "2037"]
[BlackElo "2239"]

1.c4 c6 2.d4 d5 3.b3 Bg4 4.g3 e6 5.Bg2 Qa5+ 6.Bd2 Qa6 7.Qc2 Nf6 8.c5 Nbd7
9.f3 Bh5 10.e4 b6 11.Bf1 Qb7 12.e5 Ng8 13.b4 a5 14.b5 bxc5 15.bxc6 Qxc6 16.a4 c4
17.Na3 Ne7 18.Nb5 Nc8 19.Be2 Be7 20.Kf2 O-O 21.Nh3 Bg6 22.Qa2 f6 23.exf6 Bxf6
24.Nf4 Bf7 25.Rac1 Nd6 26.Bc3 Nxb5 27.axb5 Qxb5 28.Rb1 Qc6 29.Bd1 Nc5 30.Bc2 a4
31.h4 Nb3 32.Ne2 Qd6 33.g4 e5 34.dxe5 Bxe5  0-1

[Event "XLVIII TCh-POR"]
[Site "Evora POR"]
[Date "2006.07.25"]
[Round "4"]
[White "Santos,L"]
[Black "Alho,D"]
[Result "1-0"]
[WhiteElo "2366"]
[BlackElo "2229"]

1.c4 c6 2.d4 d5 3.Nf3 dxc4 4.e3 b5 5.a4 e6 6.b3 a5 7.bxc4 b4 8.Nbd2 c5 9.Bb2 Bb7
10.Bd3 Nf6 11.Qe2 Qc7 12.O-O Nbd7 13.Ne5 cxd4 14.Nxd7 Qxd7 15.exd4 Be7 16.Nf3 Qc6
17.d5 Qd7 18.Rfe1 exd5 19.Bxf6 gxf6 20.cxd5 Kf8 21.Bb5 Qd8 22.Bc6 Rb8 23.Nd4 Bd6
24.Qh5 Be5 25.Qh6+ Kg8 26.Rxe5 fxe5 27.Nf5  1-0

[Event "Sunny Pawn B"]
[Site "Illichevsk UKR"]
[Date "2006.07.25"]
[Round "6"]
[White "Makarov,V MDA"]
[Black "Kalinin,Mik"]
[Result "1-0"]
[WhiteElo "2272"]
[BlackElo "2247"]

1.c4 c6 2.d4 d6 3.Nc3 g6 4.e4 Bg7 5.Be3 Nf6 6.Be2 Nbd7 7.Nf3 O-O 8.O-O a6
9.b4 a5 10.b5 c5 11.Rc1 b6 12.d5 Ne8 13.Qd2 e5 14.dxe6 fxe6 15.Bf4 Qe7 16.Rfd1 Bxc3
17.Rxc3 Ndf6 18.Re3 e5 19.Bh6 Bb7 20.Bxf8 Qxf8 21.Bd3 Ng7 22.Bc2 Nfe8 23.Ng5 Nh5
24.Rf3 Nhf6 25.Rh3 h6 26.Ne6 Qe7 27.Qxh6 Qxe6 28.Qxg6+ Kf8 29.Rh7 Bc8 30.Qh6+ Kg8
31.Rxd6 Qg4 32.Rh8+ Kf7 33.Qf8+ Kg6 34.Rxf6+ Nxf6 35.Rh6+  1-0

[Event "Czech Open A"]
[Site "Pardubice CZE"]
[Date "2006.07.25"]
[Round "5"]
[White "Schlosser,P"]
[Black "Czarnota,D"]
[Result "1-0"]
[WhiteElo "2572"]
[BlackElo "2237"]

1.c4 c6 2.e4 d5 3.exd5 cxd5 4.cxd5 Nf6 5.Nc3 Nbd7 6.Nf3 g6 7.d4 Nb6 8.Bb5+ Bd7
9.Qb3 Bg7 10.Bxd7+ Nfxd7 11.a4 a5 12.Bg5 h6 13.Bh4 O-O 14.O-O Nf6 15.Rfe1 Nfxd5
16.h3 Re8 17.Ne5 Ra6 18.Rac1 g5 19.Bg3 e6 20.Nb5 Qe7 21.Nd3 Na8 22.Rc5 Qd8
23.Rec1 Bf8 24.R5c4 Nab6 25.R4c2 Nd7 26.Nc7 Nxc7 27.Qxb7 Qa8 28.Rxc7 Qxb7
29.Rxb7 Nb6 30.Rc6  1-0

[Event "Summer Cup"]
[Site "Litohoro GRE"]
[Date "2006.07.27"]
[Round "6"]
[White "Shavtvaladze,N"]
[Black "Kokolias,K"]
[Result "1/2-1/2"]
[WhiteElo "2383"]
[BlackElo "2188"]

1.c4 c6 2.b3 d5 3.Bb2 Bf5 4.Nf3 e6 5.g3 Nd7 6.Bg2 Ngf6 7.O-O a5 8.d3 a4 9.Nc3 axb3
10.cxd5 cxd5 11.e4 dxe4 12.dxe4 Nxe4 13.Nd4 Nxc3 14.Bxc3 Bc2 15.Nxc2 bxc2
16.Qxc2 Qc7 17.Qb2 Ba3 18.Qxb7 Qxb7 19.Bxb7 Ra7 20.Bc6  1/2-1/2

[Event "Czech Open A"]
[Site "Pardubice CZE"]
[Date "2006.07.28"]
[Round "8"]
[White "Ramesa,D"]
[Black "Hryhorenko,N"]
[Result "1-0"]
[WhiteElo "2249"]
[BlackElo "2328"]

1.c4 c6 2.e4 d5 3.exd5 cxd5 4.cxd5 Nf6 5.Bb5+ Nbd7 6.Nc3 g6 7.Nf3 Bg7 8.O-O O-O
9.d6 exd6 10.d4 a6 11.Bxd7 Bxd7 12.Qb3 b5 13.h3 Rb8 14.a3 a5 15.Re1 b4 16.axb4 axb4
17.Nd5 Nxd5 18.Qxd5 Be6 19.Qa5 Qd7 20.Bf4 Rfc8 21.Rec1 b3 22.Qa6 Bf8 23.Nd2 Bd5
24.Qd3 Qb7 25.f3 Qb4 26.Ne4 Bg7 27.Rd1 Bxe4 28.Qxe4 Rc2 29.Qd5 Re8 30.Ra6 Rxb2
31.Ra7  1-0

[Event "Sunny Pawn B"]
[Site "Illichevsk UKR"]
[Date "2006.07.29"]
[Round "11"]
[White "Kalinin,Mik"]
[Black "Kalinin,O"]
[Result "1/2-1/2"]
[WhiteElo "2247"]
[BlackElo "2354"]

1.c4 c6 2.Nf3 d5 3.b3 Bg4 4.Ne5 Bf5 5.cxd5 Qxd5 6.Nf3 Bxb1 7.Rxb1 e5 8.d3 Bb4+
9.Bd2 Bxd2+ 10.Qxd2 Nf6 11.g3 e4 12.dxe4 Qxe4 13.Rd1 Na6 14.Bg2 Qb4  1/2-1/2

[Event "15th Open A"]
[Site "Vienna AUT"]
[Date "2006.07.31"]
[Round "3"]
[White "Stanec,N"]
[Black "Schneider Zinner,H"]
[Result "1-0"]
[WhiteElo "2517"]
[BlackElo "2357"]

1.c4 c6 2.Nc3 d5 3.e3 Nf6 4.Nf3 e6 5.Qc2 Nbd7 6.b3 Bd6 7.Bb2 O-O 8.d4 e5
9.dxe5 Nxe5 10.O-O-O Qe7 11.cxd5 Nxd5 12.Kb1 Nb4 13.Qe4 g6 14.Qd4 Bf5+ 15.e4 Nxf3
16.gxf3 Be5 17.Qe3 Be6 18.f4 Bg7 19.f5 gxf5 20.Rg1 f6 21.Bh3 f4 22.Bxe6+ Qxe6
23.Qxf4 Rad8 24.Qc7 Rxd1+ 25.Rxd1 Rf7 26.Qb8+ Bf8 27.Qxa7 Rd7 28.Qe3 Rxd1+
29.Nxd1 Qd6 30.Qd4 Kf7 31.Ne3 Qxd4 32.Bxd4 Bd6 33.Ng4 Nd3 34.Nxf6 c5 35.Bc3 Bxh2
36.Ng4 Bg1 37.f3 h5 38.Nh6+ Kg6 39.Nf5 Bd4 40.Kc2 Ne5 41.Bxd4 cxd4 42.f4 Nf3
43.Kd3 Ne1+ 44.Kxd4 Ng2 45.Ke5 h4 46.a4 h3 47.Ng3 h2 48.a5 Ne3 49.b4 Nf1
50.Nh1 Kh5 51.f5 Kg4 52.f6 Ng3 53.Nxg3 Kxg3 54.f7 h1=Q 55.f8=Q Qa1+ 56.Ke6 Kg2
57.Qc5 Qg7 58.e5 Kf3 59.Kd6  1-0

[Event "4th Marx György Mem"]
[Site "Paks HUN"]
[Date "2006.08.01"]
[Round "5"]
[White "Berkes,F"]
[Black "Acs,P"]
[Result "1/2-1/2"]
[WhiteElo "2601"]
[BlackElo "2520"]

1.c4 c6 2.Nf3 d5 3.e3 Nf6 4.Nc3 a6 5.h3 g6 6.b3 Bg7 7.Bb2 O-O 8.Be2 b5 9.O-O Bb7
10.d4 Nbd7 11.Qc2 Rc8 12.c5 a5 13.a3 Ne8 14.b4 e5 15.dxe5 Nxe5 16.Nxe5 Bxe5
17.Rad1 axb4 18.axb4 Qh4 19.f4 Bg7 20.e4 d4 21.Na2 Rd8 22.Nc1 Nc7 23.Nd3 Bc8
24.Bf3 Be6 25.Kh2 Bc4 26.g3 Qe7 27.Ra1 Ra8 28.Rfd1 Rfd8 29.Rxa8 Rxa8 30.Nc1 g5
31.f5 Ne8 32.Bxd4 Bxd4 33.Rxd4 Ra3 34.Kg2 h6 35.e5 Qxe5 36.Qe4 Qxe4 37.Bxe4 Nf6
38.Bxc6 Rc3 39.Rd1 Rc2+ 40.Kf3 Rc3+ 41.Kf2 g4 42.h4 Nh5 43.Ne2  1/2-1/2

[Event "VIII Open"]
[Site "Sants ESP"]
[Date "2006.08.01"]
[Round "8"]
[White "Marin,M"]
[Black "Cuartas,Ja"]
[Result "1/2-1/2"]
[WhiteElo "2544"]
[BlackElo "2466"]

1.c4 c6 2.e4 e5 3.Nf3 Nf6 4.Nc3 Bb4 5.Nxe5 Qe7 6.Nd3 Nxe4 7.Be2 Bd6 8.O-O O-O
9.Re1 Nf6 10.b3 Bc7 11.Bf3 Qd6 12.Ne5 Qd4 13.Ng4 d6 14.Nxf6+ Qxf6 15.d4 Bf5
16.Bb2 Nd7 17.Ne4 Bxe4 18.Bxe4 d5 19.Bf3 Qd6 20.g3 Rfe8 21.Qd3 Nf6 22.Bc3 Qd7
23.c5 Rxe1+ 24.Rxe1 Re8 25.b4 Rxe1+ 26.Bxe1 a6 27.a4 h6 28.Be2 Bd8 29.b5 cxb5
30.axb5 Qxb5 31.Qxb5 axb5 32.Bxb5 Ne4 33.c6 bxc6 34.Bxc6 Bf6 35.Bxd5 Nd6
36.h4 Bxd4 37.Kg2  1/2-1/2

[Event "15th Open A"]
[Site "Vienna AUT"]
[Date "2006.08.02"]
[Round "5"]
[White "Schwab,R"]
[Black "Porper,E"]
[Result "1/2-1/2"]
[WhiteElo "2224"]
[BlackElo "2479"]

1.c4 c6 2.b3 d5 3.e3 Bf5 4.Bb2 e6 5.Be2 Nf6 6.f4 a5 7.Nf3 Nbd7 8.Nd4 Nc5
9.O-O Bd3 10.Nc3 Be7 11.Ba3 Bxe2 12.Qxe2 Nce4 13.Bb2 Nxc3 14.Bxc3 O-O 15.d3 Bb4
16.Bb2 Qe7 17.Nc2 Bc5 18.Rf3 Rfb8 19.Raf1 b5 20.Be5 Rb7 21.f5 Nd7 22.Bxg7 Kxg7
23.cxb5 cxb5 24.f6+ Nxf6 25.Rxf6 Qxf6 26.Rxf6 Kxf6 27.Qh5 Ke7 28.Qxh7 Rc7
29.g4 Bb6 30.d4 Rcc8 31.Qh4+ f6 32.Na3 Rh8 33.Qg3 b4 34.Nb5 Rad8 35.Kf2 Rhg8
36.Qf4 Rg7 37.h4 Rg6 38.Kg3 Kf7 39.e4 dxe4 40.h5 Rg5 41.Nd6+ Ke7 42.Nxe4 Bxd4
43.Qc7+ Rd7 44.Qc8 Rd8 45.Qb7+ Rd7 46.Qc8 Rd8 47.Qb7+ Rd7  1/2-1/2

[Event "15th Open A"]
[Site "Vienna AUT"]
[Date "2006.08.04"]
[Round "7"]
[White "Wukits,R"]
[Black "Porper,E"]
[Result "0-1"]
[WhiteElo "2298"]
[BlackElo "2479"]

1.c4 c6 2.e4 d5 3.exd5 cxd5 4.d4 Nf6 5.Nc3 e6 6.Nf3 Bb4 7.cxd5 Nxd5 8.Bd2 O-O
9.Bd3 Nc6 10.O-O h6 11.Re1 Nf6 12.a3 Bd6 13.Bc2 b6 14.Qe2 Ne7 15.Rad1 Bb7
16.Ne5 Nf5 17.Bc1 Qc8 18.Bb3 Re8 19.Ba4 Re7 20.Rd3 a6 21.g4 b5 22.gxf5 bxa4
23.Rg3 exf5 24.Bxh6 Ng4 25.Nxg4 fxg4 26.Re3 Bf3 27.Qd3 Rxe3 28.Qxe3 gxh6
29.Qxh6 Qf8 30.Qf6 Qd8 31.Qh6 Bf8 32.Qf4 Bg7  0-1

[Event "15th Open A"]
[Site "Vienna AUT"]
[Date "2006.08.04"]
[Round "7"]
[White "Hangweyrer,R"]
[Black "Fusi,C"]
[Result "0-1"]
[WhiteElo "2178"]
[BlackElo "2317"]

1.c4 c6 2.e4 d5 3.exd5 cxd5 4.d4 Nf6 5.Nc3 Nc6 6.Nf3 Bg4 7.cxd5 Nxd5 8.Qb3 Bxf3
9.gxf3 e6 10.Qxb7 Nxd4 11.Bb5+ Nxb5 12.Qc6+ Ke7 13.Qxb5 Qd7 14.Nxd5+ Qxd5
15.Bg5+ f6 16.Qxd5 exd5 17.Be3 Ke6 18.O-O-O Bb4 19.Rd3 Rhd8 20.Rb3 Rac8+
21.Kb1 Bc5 22.Re1 Kf5 23.Bxc5 Rxc5 24.Rb7 a5 25.Rxg7 h5 26.Rh7 Kg6 27.Ree7 Rdc8
28.Reg7+ Kf5 29.Rxh5+ Kf4 30.Rg1 Kxf3 31.Rf5+ Ke2 32.Rxf6 Kd2 33.a3 Rc1+
34.Rxc1 Rxc1+ 35.Ka2 d4 36.Kb3 d3 37.Rd6 Rc2 38.f4 Ke3 39.f5 Rxh2 40.f6 Rf2
41.Re6+ Kd4 42.Ka4 Rxb2 43.Kxa5 Rf2 44.Kb5 Rf5+ 45.Kc6 d2 46.Rd6+ Kc3 47.f7 Rxf7
48.Rxd2 Kxd2 49.a4 Rf5 50.Kb6 Kc3 51.a5 Kb4 52.a6 Rf6+ 53.Kb7 Kb5 54.a7 Rf7+
55.Kb8 Kb6 56.a8=N+ Kc6  0-1

[Event "San Agustin Open"]
[Site "Aviles ESP"]
[Date "2006.08.05"]
[Round "1"]
[White "Andrei,G"]
[Black "Brethes,F"]
[Result "0-1"]
[WhiteElo "2131"]
[BlackElo "2158"]

1.c4 c6 2.Nc3 Nf6 3.Nf3 d5 4.cxd5 cxd5 5.d4 Nc6 6.g3 Bf5 7.a3 Rc8 8.Bg2 e6
9.O-O Bd6 10.Bg5 h6 11.Bxf6 Qxf6 12.e3 O-O 13.Re1 Qe7 14.e4 dxe4 15.Nxe4 Rfd8
16.h3 Bc7 17.Rc1 Bb6 18.Nc5 Bh7 19.b4 a5 20.Qd2 axb4 21.axb4 Ba7 22.b5 Nxd4
23.Nxd4 Bxc5 24.Red1 Bxd4 25.Rxc8 Bxf2+ 26.Qxf2 Rxc8 27.Qb6 Bf5 28.g4 Bg6
29.Qxb7 Qc5+ 30.Kh2 Qe5+ 31.Kg1 Rb8 32.Qc6 Rxb5 33.h4 Rb4 34.h5 Be4 35.Bxe4 Rxe4
36.Qc8+ Kh7 37.Qc2 f5 38.gxf5 Rg4+ 39.Kf1 Qf4+ 40.Qf2 Qc4+ 41.Qe2 Rf4+ 42.Ke1 Re4  0-1

[Event "Open"]
[Site "Olomouc CZE"]
[Date "2006.08.06"]
[Round "5"]
[White "Sarno,S"]
[Black "Danes,J"]
[Result "1-0"]
[WhiteElo "2363"]
[BlackElo "2176"]

1.c4 c6 2.e4 g6 3.d4 Bg7 4.Nc3 d6 5.Be3 Nd7 6.Qd2 a6 7.Rc1 Rb8 8.Bd3 c5 9.Nge2 cxd4
10.Nxd4 Ngf6 11.f3 O-O 12.O-O Nc5 13.Be2 Ne6 14.Rfd1 Nxd4 15.Bxd4 Be6 16.Rc2 Nd7
17.Be3 Rc8 18.b3 Re8 19.Na4 Qc7 20.Rdc1 Nc5 21.Nc3 Qa5 22.Rb1 Qd8 23.b4 Nd7
24.Nd5 f5 25.Nf4 Bf7 26.exf5 gxf5 27.Nh3 Bg6 28.Nf4 Bf7 29.Rd1 Ne5 30.Qc1 Qc7
31.Nd5 Bxd5 32.Rxd5 e6 33.Rdd2 Nf7 34.f4 e5 35.c5 dxc5 36.Rxc5 Qb8 37.Bc4 b5
38.Rd7 bxc4 39.Qxc4 Rf8 40.Rxf7 Kh8 41.Rxf8+ Rxf8 42.fxe5 f4 43.Bxf4 Qd8
44.h3 h6 45.Kh2 Qe7 46.Rc8 Qh4 47.Rxf8+ Bxf8 48.Qf7 Bxb4 49.e6  1-0

[Event "Open Cup"]
[Site "Olomouc CZE"]
[Date "2006.08.07"]
[Round "6"]
[White "Gromova,I"]
[Black "Hryhorenko,N"]
[Result "0-1"]
[WhiteElo "2210"]
[BlackElo "2328"]

1.c4 c6 2.e4 d5 3.exd5 cxd5 4.d4 Nf6 5.Nc3 Nc6 6.Nf3 Bg4 7.cxd5 Nxd5 8.Qb3 Bxf3
9.gxf3 Nb6 10.d5 Nd4 11.Qd1 e5 12.f4 Bb4 13.Bg2 Nxd5 14.O-O Nxc3 15.bxc3 Bxc3
16.Rb1 O-O 17.fxe5 Qa5 18.f4 Rad8 19.Rxb7 Qxa2 20.Qg4 g6 21.Be3 Nf5 22.Bxa7 Bd4+
23.Bxd4 Rxd4 24.Qh3 Qc4 25.Qb3 Rxf4 26.Qxc4 Rxc4 27.Bh3 Nd4 28.e6 fxe6 29.Rxf8+ Kxf8
30.Rxh7 Nf3+ 31.Kg2 Ng5 32.Rh8+ Kg7 33.Re8 Rc2+ 34.Kg3 Rc3+ 35.Kg4 Nxh3 36.Rxe6 Kh6
37.Rf6 Ng5 38.Ra6 Ne4 39.h4 Nf2+ 40.Kf4 Kh5 41.Rb6 Nh3+ 42.Ke4 Rg3  0-1

[Event "San Agustin Open"]
[Site "Aviles ESP"]
[Date "2006.08.08"]
[Round "4"]
[White "Grecescu,G"]
[Black "Rutkowski,M"]
[Result "1/2-1/2"]
[WhiteElo "2395"]
[BlackElo "2295"]

1.c4 c6 2.e4 d5 3.exd5 cxd5 4.cxd5 Nf6 5.Qa4+ Nbd7 6.Nc3 g6 7.Bc4 Bg7 8.Nf3 O-O
9.d3 a6 10.Qa3 Nb6 11.Qb3 Nxc4 12.dxc4 b5 13.c5 b4 14.Qxb4 Nxd5 15.Nxd5 Qxd5
16.O-O a5 17.Qa3 Bg4 18.Bf4 e5 19.Rfd1 Qb7 20.c6 Qb5 21.Be3 Bxf3 22.gxf3 Qxc6
23.Kg2 Rfb8 24.Rac1 Qe6 25.b3 Bf8 26.Qa4 Rb7 27.Rc4 h5 28.Re4 Rb4 29.Qd7 Qxd7
30.Rxd7 a4 31.Rxb4 Bxb4 32.bxa4 Rc8 33.Rb7 Rc4 34.Rb5 Ba3 35.a5 Ra4 36.Rxe5 Kg7
37.Bb6 Bb2 38.Re4 Ra3 39.Re8 Ra4 40.Re2 Bc3 41.Re8 Rxa2 42.Rc8 Be5 43.Rc4 Kf6
44.f4 Bd6 45.Kf3 Kf5 46.Rc6 Ra3+ 47.Be3 Bxf4 48.Rc5+ Be5 49.Rb5 Ke6 50.Rb6+ Kd5
51.Rb5+ Ke6 52.Kg2 Bc3 53.Rb6+ Kd5 54.a6 Bd4 55.Bxd4 Kxd4 56.Rf6 Ke5 57.Rxf7 Rxa6  1/2-1/2

[Event "San Agustin Open"]
[Site "Aviles ESP"]
[Date "2006.08.10"]
[Round "6"]
[White "Videnova,I"]
[Black "Menendez Villar,J"]
[Result "0-1"]
[WhiteElo "2124"]
[BlackElo "2030"]

1.c4 c6 2.e4 d5 3.exd5 cxd5 4.d4 Nc6 5.Nc3 dxc4 6.Be3 e6 7.Bxc4 Nf6 8.Nf3 Be7
9.O-O O-O 10.a3 a6 11.Bd3 h6 12.Rc1 Nd5 13.Bb1 Nxe3 14.fxe3 g6 15.Ne2 Bg5
16.Nxg5 Qxg5 17.Rf3 Ne7 18.Rc5 Nd5 19.Rg3 Qf6 20.Qd3 Bd7 21.Nc3 Nxc3 22.bxc3 Rac8
23.Rh5 Bb5 24.Qd1 Rxc3 25.Rxh6 Kg7 26.Bxg6 fxg6 27.Rhxg6+ Qxg6 28.Rxg6+ Kxg6
29.Qg4+ Kf7 30.h4 Rc1+ 31.Kh2 Rf1 32.Qh5+ Ke7 33.Qc5+ Kd7 34.e4 R1f2 35.e5 Bf1
36.Qd6+ Kc8 37.Qxe6+ Kb8 38.Qd6+ Ka8 39.d5 Rxg2+ 40.Kh1 Rfg8 41.Qc5 R2g3
42.Qf2 Rh3+ 43.Qh2 Bg2+  0-1